000 00642nam a2200241Ia 4500
003 OSt
005 20220918223507.0
006 a|||||r|||| 00| 0
007 ta
008 220917b |||||||| |||| 00| 0 eng d
024 _a222,976
037 _cTextual
040 _aARTS
_cARTS
_beng
041 _2eng
_aeng
082 _a2, P4(2D)
100 _aDevarajan G. Ed.
_924852
245 0 _aNew frontiers of knowledge in information science
260 _aNew Delhi
_bEss Ess pub.
_c2004
300 _a388p
_ccm.
650 _aLIBRARY SCIENCE
942 _h2, P4(2D)
_cTEXL
_2CC
999 _c278647
_d278647